地质年代表(显生宙-纪) - Statistics

General Stats
  • This quiz has been taken 12 times
  • The average score is 11 of 12
Answer Stats
Start Period % Correct
145 白垩纪
100%
201 侏罗纪
100%
252 三叠纪
100%
298 二叠纪
100%
358 石炭纪
100%
419 泥盆纪
100%
443 志留纪
100%
485 奥陶纪
100%
541 寒武纪
100%
2.58 第四纪
75%
66 古近纪
75%
23 新近纪
50%
No matching quizzes found
Score Distribution
Percent of People with Each Score
Percentile by Number Answered
Your Score History
You have not taken this quiz